| 000 | 00496nam a22001697a 4500 | ||
|---|---|---|---|
| 003 | OSt | ||
| 005 | 20140310181715.0 | ||
| 008 | 121214t xxu||||| |||| 00| 0 eng d | ||
| 050 |
_aCS 1399 _b.J62 1984 |
||
| 082 |
_aFIL 920 _b J574 1983 |
||
| 100 | _aJoaquin, Nick | ||
| 245 |
_aThe Aquinos of Tarlac : _cNick Joaquin. _ban essay on history as three generations / |
||
| 260 |
_aManila,Philippines: _bCacho Hermanos, _c1984. |
||
| 300 |
_a325 p. ; _c22 cm. |
||
| 942 |
_2lcc _cBK _kFIL |
||
| 999 |
_c1717 _d1717 |
||